International Journal of Social Ecology and Sustainable Development

Saved in:
Bibliographic Details
Format: Serial
Language:English
Published: Hershey IGI Global Scientific Publishing
Tags: Add Tag
No Tags, Be the first to tag this record!

MARC

LEADER 00000nas1a2200000 4500
001 0269980
005 20250701092132.0
022 |a 1947-8410 
022 |a 1947-8402 
041 0 |a eng 
044 |a US 
245 1 0 |a International Journal of Social Ecology and Sustainable Development 
264 1 |a Hershey  |b IGI Global Scientific Publishing